[Event "Dhaka Sheikh Russel op"]
[Site "Dhaka"]
[Date "2021.10.27"]
[Round "9"]
[White "Karpatchev, Aleksandr"]
[Black "Md, Sharif Hossain"]
[Result "1-0"]
[WhiteElo "2427"]
[BlackElo "2117"]
[PlyCount "111"]
[EventDate "2021.10.19"]
[EventType "swiss"]
[EventRounds "9"]
[EventCountry "BAN"]
[SourceTitle "EXT 2023"]
[Source "ChessBase"]
[SourceDate "2022.10.05"]
[SourceVersion "1"]
[SourceVersionDate "2022.10.05"]
[SourceQuality "1"]

1. e4 e5 2. Nf3 Nc6 3. Bc4 Bc5 4. d3 d6 5. c3 Nf6 6. 0-0 0-0 7. h3 a6 8. a4 d5 9. exd5 Nxd5 10. Re1 Qd6 11. Nbd2 Nf6 12. Ng5 Bf5 13. Qf3 Qd7 14. Nde4 Nxe4 15. dxe4 Be6 16. Qh5 h6 17. Nxe6 fxe6 18. Be3 Bxe3 19. Rxe3 Qf7 20. Qe2 Rad8 21. b4 Nb8 22. Rf3 Qe7 23. Rxf8+ Kxf8 24. Rf1 g5 25. g3 Kg7 26. f4 gxf4 27. gxf4 Kh7 28. f5 Qh4 29. Bxe6 Qxh3 30. Qg2 Qxg2+ 31. Kxg2 Rd6 32. Kf2 Nd7 33. Ke3 Nf6 34. Rg1 h5 35. Rg5 Rc6 36. c4 Rd6 37. Bc8 Rb6 38. b5 axb5 39. cxb5 c6 40. bxc6 bxc6 41. Rg6 Rb3+ 42. Ke2 Nxe4 43. a5 Ra3 44. a6 Ng3+ 45. Kf2 Ne4+ 46. Kg1 Ra2 47. Rxc6 Ng3 48. Be6 Ra1+ 49. Kh2 Nf1+ 50. Kh3 Ne3 51. f6 Ng4 52. f7 Ra3+ 53. Kh4 Rf3 54. a7 Ne3 55. a8Q Ng2+ 56. Kxh5 1-0

[Event "Bad Woerishofen op 36th"]
[Site "Bad Woerishofen"]
[Date "2020.03.14"]
[Round "9"]
[White "Pap, Misa"]
[Black "Karpatchev, Aleksandr"]
[Result "0-1"]
[WhiteElo "2437"]
[BlackElo "2412"]
[PlyCount "110"]
[EventDate "2020.03.06"]
[EventType "swiss"]
[EventRounds "9"]
[EventCountry "GER"]
[SourceTitle "CBM 195 Extra"]
[Source "ChessBase"]
[SourceDate "2020.05.31"]
[SourceVersion "1"]
[SourceVersionDate "2020.05.31"]
[SourceQuality "1"]

1. e4 e5 2. Nf3 Nc6 3. Bb5 a6 4. Ba4 Nf6 5. 0-0 b5 6. Bb3 Bc5 7. Re1 d6 8. c3 0-0 9. h3 h6 10. a4 Rb8 11. d3 Bb6 12. Na3 b4 13. Nc4 bxc3 14. bxc3 Na5 15. Nxa5 Bxa5 16. Qc2 Be6 17. Bxe6 fxe6 18. Be3 Bb6 19. d4 exd4 20. cxd4 a5 21. Rab1 d5 22. e5 Ne4 23. Nd2 Nxd2 24. Qxd2 Qe8 25. Rb5 Qg6 26. Kh2 Rf5 27. f4 h5 28. Rbb1 h4 29. Rf1 Rbf8 30. Qf2 Bxd4 31. Rbe1 Bxe5 32. Qxh4 Bd6 33. Kg1 Rh5 34. Qg4 Qxg4 35. hxg4 Rh4 36. Bd2 Rxg4 37. Rxe6 Bxf4 38. Bxf4 Rfxf4 39. Rxf4 Rxf4 40. Re8+ Kf7 41. Rc8 Rc4 42. Kf2 g5 43. g4 Ke7 44. Kf3 c6 45. Rc7+ Kd6 46. Rg7 Rxa4 47. Rxg5 Rc4 48. Rg8 Ke7 49. Kg3 a4 50. Ra8 c5 51. Ra6 d4 52. Kf4 d3+ 53. Ke3 Rd4 54. Kd2 c4 55. Rxa4 c3+ 0-1

[Event "Bad Woerishofen op 36th"]
[Site "Bad Woerishofen"]
[Date "2020.03.13"]
[Round "8"]
[White "Karpatchev, Aleksandr"]
[Black "Akash, G."]
[Result "0-1"]
[WhiteElo "2412"]
[BlackElo "2487"]
[PlyCount "66"]
[EventDate "2020.03.06"]
[EventType "swiss"]
[EventRounds "9"]
[EventCountry "GER"]
[SourceTitle "CBM 195 Extra"]
[Source "ChessBase"]
[SourceDate "2020.05.31"]
[SourceVersion "1"]
[SourceVersionDate "2020.05.31"]
[SourceQuality "1"]

1. e4 c5 2. c3 Nf6 3. e5 Nd5 4. Nf3 Nc6 5. Bc4 Nb6 6. Bb3 c4 7. Bc2 d6 8. exd6 Qxd6 9. 0-0 Bg4 10. Re1 0-0-0 11. Qe2 Qf6 12. Be4 Bh5 13. b3 Ne5 14. bxc4 Nxf3+ 15. Bxf3 Bxf3 16. gxf3 Qg6+ 17. Kh1 Qd3 18. a4 Nxc4 19. a5 Qxe2 20. Rxe2 Rd5 21. Ra4 Nxa5 22. c4 Rf5 23. d4 b6 24. d5 e6 25. Bd2 Bc5 26. Bxa5 bxa5 27. Rxa5 Bb6 28. Rb5 Kd7 29. Nc3 Rc8 30. Na4 Bd4 31. dxe6+ fxe6 32. c5 Rxf3 33. Kg2 Rcf8 0-1

[Event "Bad Woerishofen op 36th"]
[Site "Bad Woerishofen"]
[Date "2020.03.11"]
[Round "6"]
[White "Karpatchev, Aleksandr"]
[Black "Burmakin, Vladimir"]
[Result "1-0"]
[WhiteElo "2412"]
[BlackElo "2514"]
[PlyCount "88"]
[EventDate "2020.03.06"]
[EventType "swiss"]
[EventRounds "9"]
[EventCountry "GER"]
[SourceTitle "CBM 195 Extra"]
[Source "ChessBase"]
[SourceDate "2020.05.31"]
[SourceVersion "1"]
[SourceVersionDate "2020.05.31"]
[SourceQuality "1"]

1. e4 c6 2. Nc3 d5 3. Nf3 g6 4. d4 Bg7 5. Bf4 dxe4 6. Nxe4 Nf6 7. Nxf6+ exf6 8. Bc4 0-0 9. 0-0 Nd7 10. Re1 Nb6 11. Bb3 Nd5 12. Bd2 Be6 13. c4 Ne7 14. Bb4 Re8 15. d5 cxd5 16. Bxe7 Rxe7 17. cxd5 Bd7 18. Rxe7 Qxe7 19. d6 Qe8 20. Qd4 f5 21. Qd2 Bf6 22. Re1 Qf8 23. Ne5 Bxe5 24. Rxe5 Re8 25. Qe3 Rxe5 26. Qxe5 Qe8 27. f4 Be6 28. g3 b6 29. Qd4 Qd7 30. Ba4 b5 31. Bb3 a5 32. Qe5 a4 33. Bd5 b4 34. b3 axb3 35. Bxb3 h6 36. Qd4 g5 37. Bxe6 fxe6 38. fxg5 hxg5 39. Qxb4 Kf7 40. Qd4 Qd8 41. a4 g4 42. Qc5 Ke8 43. a5 Kd7 44. a6 f4 1-0

[Event "BL2-Ost 1920"]
[Site "Germany"]
[Date "2020.02.09"]
[Round "8.1"]
[White "Karpatchev, Aleksandr"]
[Black "Mons, Leon"]
[Result "1/2-1/2"]
[WhiteElo "2418"]
[BlackElo "2552"]
[PlyCount "31"]
[EventDate "2019.10.19"]
[EventType "team-tourn"]
[EventRounds "11"]
[EventCountry "GER"]
[SourceTitle "CBM 194 Extra"]
[Source "ChessBase"]
[SourceDate "2020.03.31"]
[SourceVersion "1"]
[SourceVersionDate "2020.03.31"]
[SourceQuality "1"]
[WhiteTeam "Bad Mergentheim"]
[BlackTeam "Zugzwang MSA"]
[WhiteTeamCountry "GER"]
[BlackTeamCountry "GER"]

1. e4 e5 2. Nf3 Nc6 3. Nc3 Nf6 4. d4 exd4 5. Nxd4 Bb4 6. Nxc6 bxc6 7. Bd3 d5 8. exd5 0-0 9. 0-0 cxd5 10. h3 c6 11. Qf3 Re8 12. Bf4 Bd6 13. Rfe1 Be6 14. Ne2 Qb8 15. Bxd6 Qxd6 16. Qf4 1/2-1/2

[Event "BL2-Ost 1920"]
[Site "Germany"]
[Date "2020.02.08"]
[Round "7.1"]
[White "Bezold, Michael"]
[Black "Karpatchev, Aleksandr"]
[Result "1-0"]
[WhiteElo "2487"]
[BlackElo "2418"]
[PlyCount "105"]
[EventDate "2019.10.19"]
[EventType "team-tourn"]
[EventRounds "11"]
[EventCountry "GER"]
[SourceTitle "CBM 194 Extra"]
[Source "ChessBase"]
[SourceDate "2020.03.31"]
[SourceVersion "1"]
[SourceVersionDate "2020.03.31"]
[SourceQuality "1"]
[WhiteTeam "Bayern Muenchen II"]
[BlackTeam "Bad Mergentheim"]
[WhiteTeamCountry "GER"]
[BlackTeamCountry "GER"]

1. c4 e5 2. b3 Nf6 3. Bb2 Nc6 4. e3 a6 5. a3 d5 6. cxd5 Qxd5 7. d3 Bd6 8. Qc2 Bg4 9. Nd2 0-0-0 10. Ngf3 Kb8 11. Be2 h6 12. Rc1 Bd7 13. 0-0 g5 14. Ne4 Nxe4 15. dxe4 Qe6 16. b4 f6 17. Rfd1 h5 18. Nd2 g4 19. Nc4 h4 20. Nxd6 cxd6 21. Qd2 Bc8 22. Bxa6 g3 23. Bf1 gxh2+ 24. Kxh2 Ne7 25. b5 d5 26. exd5 Rxd5 27. Qc2 Qd6 28. Rxd5 Nxd5 29. Qc5 Qxc5 30. Rxc5 Rd8 31. Bc1 Nb6 32. e4 Rd1 33. Be2 Rd4 34. f3 Be6 35. Rc3 Rd7 36. Be3 Nc8 37. f4 Rc7 38. Rxc7 Kxc7 39. f5 Bb3 40. Bd3 Nd6 41. Bf2 Ba4 42. Bxh4 Bxb5 43. Bb1 Ne8 44. g4 Bc4 45. Kg3 Kd7 46. Kf3 b5 47. Bg3 Kd6 48. g5 fxg5 49. Kg4 Nf6+ 50. Kxg5 Nd7 51. Kg6 Nc5 52. Kg7 Nd7 53. f6 1-0

[Event "BL2-Ost 1920"]
[Site "Germany"]
[Date "2019.12.07"]
[Round "5.1"]
[White "Karpatchev, Aleksandr"]
[Black "Erdos, Viktor"]
[Result "0-1"]
[WhiteElo "2418"]
[BlackElo "2604"]
[PlyCount "82"]
[EventDate "2019.10.19"]
[EventType "team-tourn"]
[EventRounds "11"]
[EventCountry "GER"]
[SourceTitle "CBM 194 Extra"]
[Source "ChessBase"]
[SourceDate "2020.03.31"]
[SourceVersion "1"]
[SourceVersionDate "2020.03.31"]
[SourceQuality "1"]
[WhiteTeam "Bad Mergentheim"]
[BlackTeam "Nickelhuette Aue"]
[WhiteTeamCountry "GER"]
[BlackTeamCountry "GER"]

1. e4 c5 2. Nf3 d6 3. Bb5+ Nd7 4. 0-0 a6 5. Bd3 Ngf6 6. c3 e6 7. Bc2 b5 8. d4 Bb7 9. Re1 Be7 10. Nbd2 Qc7 11. Nf1 0-0 12. Ng3 Rfe8 13. a4 Rac8 14. Bd3 c4 15. Bb1 Bf8 16. h3 e5 17. Bd2 g6 18. Qc1 d5 19. Nxe5 Nxe5 20. dxe5 Nd7 21. Bh6 Bxh6 22. Qxh6 Qxe5 23. f4 Qg7 24. Qxg7+ Kxg7 25. axb5 axb5 26. Ra7 Nc5 27. e5 Ra8 28. Rxa8 Rxa8 29. f5 Re8 30. Bc2 Nd7 31. e6 fxe6 32. fxe6 Nc5 33. e7 Kf6 34. Ne2 Ne6 35. Kf2 Rxe7 36. Nd4 Nxd4 37. Rxe7 Kxe7 38. cxd4 b4 39. Ke3 Kf6 40. Ba4 Bc8 41. h4 b3 0-1

[Event "Baku op"]
[Site "Baku"]
[Date "2019.09.26"]
[Round "7"]
[White "Karpatchev, Aleksandr"]
[Black "Babazada, Khazar Araz"]
[Result "1/2-1/2"]
[WhiteElo "2433"]
[BlackElo "2294"]
[PlyCount "120"]
[EventDate "2019.09.20"]
[EventType "swiss"]
[EventRounds "9"]
[EventCountry "AZE"]
[SourceTitle "EXT 2020"]
[Source "ChessBase"]
[SourceDate "2019.10.17"]
[SourceVersion "1"]
[SourceVersionDate "2019.10.17"]
[SourceQuality "1"]

1. e4 Nf6 2. e5 Nd5 3. c4 Nb6 4. c5 Nd5 5. Nc3 e6 6. d4 d6 7. cxd6 cxd6 8. f4 dxe5 9. fxe5 Bb4 10. Qd3 Nc6 11. Nf3 f5 12. exf6 Qxf6 13. Be2 0-0 14. 0-0 Nf4 15. Bxf4 Qxf4 16. Ne4 Qh6 17. a3 Be7 18. Ne5 Nxe5 19. dxe5 Rd8 20. Nd6 Qg5 21. Qf3 Rf8 22. Qe4 Bd7 23. Bc4 Rxf1+ 24. Rxf1 Bxd6 25. exd6 Qc5+ 26. Kh1 Qxd6 27. Qxb7 Rb8 28. Qf3 Rf8 29. Qxf8+ Qxf8 30. Rxf8+ Kxf8 31. Kg1 Ke7 32. Kf2 Kd6 33. b4 Ba4 34. Ke3 h6 35. g3 Ke5 36. Ba2 g5 37. Bc4 Kd6 38. Kd4 e5+ 39. Ke4 Bc6+ 40. Kf5 Bf3 41. Ba6 g4 42. Bc4 Bd5 43. Bd3 h5 44. Bb5 Bf3 45. Bc4 Bd5 46. Bd3 Bg8 47. Kg6 Kd5 48. Kxh5 Be6 49. Kg5 Kd4 50. Be2 Ke3 51. Bxg4 Bxg4 52. Kxg4 Kd3 53. h4 e4 54. h5 e3 55. h6 e2 56. h7 e1Q 57. h8Q Qe4+ 58. Kg5 Qe3+ 59. Kh4 Qe4+ 60. Kg5 Qe3+ 1/2-1/2

[Event "Chefchaouen op 18th"]
[Site "Chefchaouen"]
[Date "2019.07.18"]
[Round "6"]
[White "Karpatchev, Aleksandr"]
[Black "Akhrof, Lissandine"]
[Result "0-1"]
[WhiteElo "2445"]
[BlackElo "2153"]
[PlyCount "80"]
[EventDate "2019.07.15"]
[EventType "swiss"]
[EventRounds "9"]
[EventCountry "MAR"]
[SourceTitle "CBM 191 Extra"]
[Source "ChessBase"]
[SourceDate "2019.09.30"]
[SourceVersion "1"]
[SourceVersionDate "2019.09.30"]
[SourceQuality "1"]

1. e4 e5 2. Bc4 Nc6 3. Nf3 Bc5 4. b4 Bxb4 5. c3 Be7 6. d4 Na5 7. Be2 d6 8. Qa4+ c6 9. dxe5 dxe5 10. Nxe5 Nf6 11. 0-0 0-0 12. Bf4 b5 13. Qc2 Be6 14. Nd2 Bd6 15. Bg3 Qc7 16. f4 Rad8 17. Rad1 Rfe8 18. Kh1 Bc8 19. h3 a6 20. Bf3 c5 21. Nb3 Nc4 22. Nxc4 bxc4 23. e5 cxb3 24. axb3 Be7 25. exf6 Bxf6 26. Rxd8 Qxd8 27. Re1 Rxe1+ 28. Bxe1 g6 29. g4 Be6 30. Kg2 Qb8 31. Qf2 Qxf4 32. Bd2 Qd6 33. c4 Bh4 34. Qxh4 Qxd2+ 35. Qf2 Qxf2+ 36. Kxf2 Kg7 37. Ke3 Kf6 38. h4 h6 39. Kf4 g5+ 40. hxg5+ hxg5+ 0-1

[Event "Chefchaouen op 18th"]
[Site "Chefchaouen"]
[Date "2019.07.16"]
[Round "2"]
[White "Karpatchev, Aleksandr"]
[Black "Ruiz Casado, Francisco Javier"]
[Result "1/2-1/2"]
[WhiteElo "2445"]
[BlackElo "2003"]
[PlyCount "86"]
[EventDate "2019.07.15"]
[EventType "swiss"]
[EventRounds "9"]
[EventCountry "MAR"]
[SourceTitle "CBM 191 Extra"]
[Source "ChessBase"]
[SourceDate "2019.09.30"]
[SourceVersion "1"]
[SourceVersionDate "2019.09.30"]
[SourceQuality "1"]

1. e4 c5 2. c3 d5 3. exd5 Qxd5 4. Nf3 Nc6 5. d4 Nf6 6. Be2 e6 7. 0-0 Be7 8. c4 Qd8 9. dxc5 0-0 10. Nc3 Bxc5 11. a3 e5 12. b4 Bd4 13. Bb2 Be6 14. Nxd4 Nxd4 15. Nb5 Nxb5 16. cxb5 Qb8 17. f4 exf4 18. Qd4 Rd8 19. Qc3 Qd6 20. Rad1 Qb6+ 21. Qc5 Nd5 22. Bf3 Ne3 23. Rxd8+ Rxd8 24. Rc1 Nc4 25. Qxb6 axb6 26. Rc2 Nxb2 27. Rxb2 Ra8 28. Bxb7 Rxa3 29. h4 Kf8 30. Rc2 Rb3 31. Rc6 Rxb4 32. Rxb6 Ke7 33. Bc6 Kd6 34. Rb8 Kc5 35. Rh8 h6 36. h5 Bg4 37. Rd8 Rb1+ 38. Kh2 Rb2 39. Kg1 Rb1+ 40. Kh2 Rb2 41. Kg1 Rb1+ 42. Kh2 Rd1 43. Re8 f6 1/2-1/2

[Event "BL2-Sued 1819"]
[Site "Germany"]
[Date "2019.03.22"]
[Round "4.2"]
[White "Karpatchev, Aleksandr"]
[Black "Kessler, Luca"]
[Result "0-1"]
[WhiteElo "2407"]
[BlackElo "2420"]
[PlyCount "86"]
[EventDate "2018.11.10"]
[EventType "team-tourn"]
[EventRounds "10"]
[EventCountry "GER"]
[SourceTitle "CBM 190 Extra"]
[Source "ChessBase"]
[SourceDate "2019.07.15"]
[SourceVersion "1"]
[SourceVersionDate "2019.07.15"]
[SourceQuality "1"]
[WhiteTeam "Bad Mergentheim"]
[BlackTeam "Jedesheim"]
[WhiteTeamCountry "GER"]
[BlackTeamCountry "GER"]

1. e4 c5 2. Nf3 e6 3. c3 Nf6 4. e5 Nd5 5. d4 cxd4 6. cxd4 d6 7. Bc4 Be7 8. 0-0 0-0 9. Qe2 b6 10. Rd1 Bb7 11. Bxd5 Bxd5 12. Nc3 Qd7 13. Ng5 Qb7 14. Qg4 Nd7 15. Bf4 dxe5 16. dxe5 Bc6 17. Rd3 Bxg5 18. Qxg5 f6 19. Qg4 fxe5 20. Rg3 Rf7 21. Bh6 Nf8 22. Bg5 Ng6 23. h4 Nf4 24. h5 Raf8 25. h6 g6 26. Bxf4 exf4 27. Rd3 Qe7 28. Re1 e5 29. Ne4 Qb4 30. Qe2 Qxe4 31. Qxe4 Bxe4 32. Rxe4 Re7 33. Rd5 Rfe8 34. Kh2 Kf7 35. Kh3 g5 36. Kg4 Kg6 37. Rd6+ Re6 38. Rxe5 Rxd6 39. Rxe8 Kxh6 40. Re7 Kg6 41. Rxa7 Rd3 42. f3 h5+ 43. Kh3 g4+ 0-1

[Event "BL2-Sued 1819"]
[Site "Germany"]
[Date "2019.02.03"]
[Round "6.2"]
[White "Pavlidis, Antonios"]
[Black "Karpatchev, Aleksandr"]
[Result "1/2-1/2"]
[WhiteElo "2533"]
[BlackElo "2399"]
[PlyCount "45"]
[EventDate "2018.11.10"]
[EventType "team-tourn"]
[EventRounds "10"]
[EventCountry "GER"]
[SourceTitle "CBM 190 Extra"]
[Source "ChessBase"]
[SourceDate "2019.07.15"]
[SourceVersion "1"]
[SourceVersionDate "2019.07.15"]
[SourceQuality "1"]
[WhiteTeam "Speyer Schwegenheim"]
[BlackTeam "Bad Mergentheim"]
[WhiteTeamCountry "GER"]
[BlackTeamCountry "GER"]

1. e4 e5 2. Nf3 Nc6 3. d4 exd4 4. Nxd4 Qf6 5. Nb3 Qg6 6. f3 Nf6 7. Bf4 Bb4+ 8. Kf2 0-0 9. Bd3 Nh5 10. Bxc7 Qf6 11. a3 Be7 12. Nc3 d6 13. Nd5 Qe5 14. g3 Nf6 15. Bb5 Nxd5 16. exd5 Qh5 17. Bxc6 bxc6 18. Qe2 Bf6 19. Bxd6 Rd8 20. Bc7 Rf8 21. Bd6 Rd8 22. Bc7 Rf8 23. Bd6 1/2-1/2

[Event "BL2-Sued 1819"]
[Site "Germany"]
[Date "2019.02.02"]
[Round "5.2"]
[White "Karpatchev, Aleksandr"]
[Black "Kunin, Vitaly L"]
[Result "1-0"]
[WhiteElo "2399"]
[BlackElo "2544"]
[PlyCount "133"]
[EventDate "2018.11.10"]
[EventType "team-tourn"]
[EventRounds "10"]
[EventCountry "GER"]
[SourceTitle "CBM 190 Extra"]
[Source "ChessBase"]
[SourceDate "2019.07.15"]
[SourceVersion "1"]
[SourceVersionDate "2019.07.15"]
[SourceQuality "1"]
[WhiteTeam "Bad Mergentheim"]
[BlackTeam "Moerlenbach Birkenau"]
[WhiteTeamCountry "GER"]
[BlackTeamCountry "GER"]

1. e4 d6 2. d4 Nf6 3. Nc3 Nbd7 4. Nf3 e5 5. Bc4 Be7 6. 0-0 0-0 7. a4 c6 8. h3 Qa5 9. Re1 b5 10. Bb3 b4 11. Nb1 Qc7 12. Nbd2 exd4 13. Nxd4 Nc5 14. Qf3 Nxb3 15. N2xb3 Nd7 16. Bf4 Ne5 17. Bxe5 dxe5 18. Nf5 g6 19. Nxe7+ Qxe7 20. Qe3 Be6 21. Nc5 Rad8 22. Rad1 Bc8 23. b3 Rd6 24. Rxd6 Qxd6 25. Nd3 Be6 26. Rd1 Qd4 27. Qxd4 exd4 28. Nxb4 Rc8 29. Nd3 c5 30. Nf4 g5 31. Nxe6 fxe6 32. e5 Kf7 33. Rd3 Rd8 34. Rf3+ Ke7 35. Rg3 h6 36. h4 Rg8 37. hxg5 hxg5 38. Rg4 a5 39. g3 Kf7 40. Kg2 Kg6 41. f4 d3 42. cxd3 Rd8 43. Rxg5+ Kh6 44. Kh3 Rb8 45. Kg4 Rd8 46. Kh4 Rb8 47. g4 Rb4 48. f5 exf5 49. Rxf5 Rxb3 50. e6 Rxd3 51. Re5 Rd8 52. Rxc5 Re8 53. Re5 Kg6 54. g5 Kg7 55. Kh5 Rh8+ 56. Kg4 Kf8 57. Rxa5 Ke7 58. Kf5 Rf8+ 59. Ke5 Ra8 60. Rb5 Rxa4 61. Rb7+ Ke8 62. g6 Ra1 63. g7 Rg1 64. Kf4 Rf1+ 65. Ke3 Rg1 66. g8Q+ Rxg8 67. Rb8+ 1-0

[Event "Runavik op"]
[Site "Runavik"]
[Date "2018.11.19"]
[Round "9"]
[White "Karpatchev, Aleksandr"]
[Black "Nielsen, Rogvi Egilstoft"]
[Result "1/2-1/2"]
[WhiteElo "2416"]
[BlackElo "2339"]
[PlyCount "66"]
[EventDate "2018.11.12"]
[EventType "swiss"]
[EventRounds "9"]
[EventCountry "FAI"]
[SourceTitle "CBM 187 Extra"]
[Source "ChessBase"]
[SourceDate "2018.11.04"]
[SourceVersion "1"]
[SourceVersionDate "2018.11.04"]
[SourceQuality "1"]

1. e4 Nc6 2. Nf3 d6 3. d4 Nf6 4. Nc3 g6 5. Be3 Bg7 6. Qd2 Ng4 7. Bg5 h6 8. Bh4 g5 9. Bg3 e5 10. Bb5 exd4 11. Nxd4 Bd7 12. Nf5 Bxf5 13. exf5 Qe7+ 14. Kf1 Kf8 15. Nd5 Qd7 16. Re1 Rd8 17. Re7 Qxf5 18. Rxc7 Nd4 19. Qd3 Qe6 20. Bc4 b5 21. Nf4 Qxc4 22. Rxc4 bxc4 23. Qd1 gxf4 24. Bh4 Ne3+ 25. fxe3 Nf5 26. Bxd8 Nxe3+ 27. Ke2 Nxd1 28. Rxd1 Be5 29. b3 Ke8 30. Bh4 Rg8 31. Kf3 Kd7 32. Bf2 cxb3 33. cxb3 a6 1/2-1/2

[Event "Runavik op"]
[Site "Runavik"]
[Date "2018.11.17"]
[Round "7"]
[White "Bernadskiy, Vitaliy"]
[Black "Karpatchev, Aleksandr"]
[Result "1/2-1/2"]
[WhiteElo "2544"]
[BlackElo "2416"]
[PlyCount "175"]
[EventDate "2018.11.12"]
[EventType "swiss"]
[EventRounds "9"]
[EventCountry "FAI"]
[SourceTitle "CBM 187 Extra"]
[Source "ChessBase"]
[SourceDate "2018.11.04"]
[SourceVersion "1"]
[SourceVersionDate "2018.11.04"]
[SourceQuality "1"]

1. b3 e5 2. Bb2 Nc6 3. e3 Nf6 4. Bb5 Bd6 5. Na3 Be7 6. Nc4 e4 7. Bxc6 dxc6 8. Ne2 0-0 9. 0-0 Bg4 10. h3 Bh5 11. Qe1 Nd5 12. Ng3 Bg6 13. Ne5 Bf6 14. Nxg6 hxg6 15. Bxf6 Nxf6 16. f3 Qd5 17. fxe4 Nxe4 18. d3 Nxg3 19. Qxg3 Qd6 20. Rf4 Rae8 21. Qf2 Re5 22. Rf1 Qe7 23. e4 c5 24. Qf3 b6 25. Rf2 a5 26. a4 Qd7 27. Rg4 Re6 28. Rf4 Re5 29. h4 g5 30. Rg4 Qe7 31. Qg3 f6 32. hxg5 fxg5 33. Rxf8+ Kxf8 34. Qh3 Kg8 35. Rg3 Qd8 36. Qh5 Qd4+ 37. Kh2 Qd6 38. Qg4 Re6 39. c3 Qe5 40. Kg1 Rd6 41. Qc8+ Kh7 42. Qf5+ Qxf5 43. exf5 g6 44. Rxg5 gxf5 45. Rxf5 Rxd3 46. Rf3 Rd1+ 47. Kf2 Rd2+ 48. Kg3 Kg6 49. c4 Kg5 50. Re3 Kf5 51. Kf3 Rb2 52. g3 Rd2 53. g4+ Kf6 54. Kf4 Rd4+ 55. Re4 Rd1 56. g5+ Kf7 57. Kf5 Rf1+ 58. Rf4 Re1 59. Rf3 Re2 60. Kg4+ Kg7 61. Rf6 Re3 62. Rc6 Rxb3 63. Rxc7+ Kg6 64. Rc6+ Kg7 65. Kf5 Rf3+ 66. Ke5 Re3+ 67. Kd5 Rd3+ 68. Ke4 Rd4+ 69. Kf5 Rxc4 70. Rxb6 Rxa4 71. Rb7+ Kf8 72. Rc7 Rb4 73. Kg6 a4 74. Rxc5 Ke7 75. Kh7 Rh4+ 76. Kg7 Kd6 77. Ra5 Kc6 78. g6 Kb6 79. Rg5 a3 80. Rg1 Kb5 81. Kf7 Kc4 82. g7 Rh7 83. Ke6 Rxg7 84. Rxg7 a2 85. Rg1 Kb3 86. Kd5 Kb2 87. Rg2+ Kb3 88. Rxa2 1/2-1/2

[Event "Runavik op"]
[Site "Runavik"]
[Date "2018.11.17"]
[Round "8"]
[White "Karpatchev, Aleksandr"]
[Black "Kjartansson, Gudmundur"]
[Result "1-0"]
[WhiteElo "2416"]
[BlackElo "2423"]
[PlyCount "53"]
[EventDate "2018.11.12"]
[EventType "swiss"]
[EventRounds "9"]
[EventCountry "FAI"]
[SourceTitle "CBM 187 Extra"]
[Source "ChessBase"]
[SourceDate "2018.11.04"]
[SourceVersion "1"]
[SourceVersionDate "2018.11.04"]
[SourceQuality "1"]

1. e4 c6 2. Nc3 d5 3. Nf3 Nf6 4. e5 Ne4 5. Ne2 Qb6 6. d4 e6 7. c3 c5 8. Ng3 Nxg3 9. hxg3 cxd4 10. cxd4 Nc6 11. Bd3 Bd7 12. 0-0 Nxd4 13. Nxd4 Qxd4 14. Qe2 Rc8 15. Bf4 Be7 16. Rad1 Qb6 17. Qg4 g5 18. Be3 Qxb2 19. Rb1 h5 20. Rxb2 hxg4 21. Rxb7 a5 22. Rc1 Rxc1+ 23. Bxc1 Bc8 24. Ra7 Bb4 25. Bb5+ Kf8 26. Bxg5 f6 27. Bxf6 1-0

[Event "Cap d'Agde op 16th"]
[Site "Cap d'Agde"]
[Date "2018.11.02"]
[Round "8"]
[White "Karpatchev, Aleksandr"]
[Black "Sumets, Andrey"]
[Result "0-1"]
[WhiteElo "2416"]
[BlackElo "2575"]
[PlyCount "82"]
[EventDate "2018.10.27"]
[EventType "swiss"]
[EventRounds "9"]
[EventCountry "FRA"]
[SourceTitle "CBM 187 Extra"]
[Source "ChessBase"]
[SourceDate "2018.11.04"]
[SourceVersion "1"]
[SourceVersionDate "2018.11.04"]
[SourceQuality "1"]

1. e4 Nc6 2. Nf3 d6 3. d4 Nf6 4. Nc3 g6 5. Be2 Bg7 6. 0-0 0-0 7. d5 Nb8 8. Re1 c6 9. Bf1 Bg4 10. h3 Bxf3 11. Qxf3 Nbd7 12. a4 Qa5 13. Qd1 a6 14. Bd2 Rfc8 15. g3 cxd5 16. exd5 Ne5 17. f4 Nc4 18. Bxc4 Rxc4 19. Rxe7 Nxd5 20. Nxd5 Qxd5 21. c3 Qc6 22. Qb3 Bf8 23. Re2 d5 24. a5 Re4 25. Rxe4 dxe4 26. Be3 Bc5 27. Bd4 Bxd4+ 28. cxd4 Qd7 29. Kg2 Re8 30. d5 h5 31. Re1 h4 32. g4 Qc7 33. Qe3 Qxa5 34. Rd1 Qb4 35. Rd2 Rd8 36. b3 a5 37. g5 Qb5 38. d6 Qc6 39. Kf2 Rxd6 40. Rxd6 Qxd6 41. Qxe4 Qb6+ 0-1

[Event "Anogia Capablanca Mem-A 5th"]
[Site "Anogia"]
[Date "2018.09.12"]
[Round "2"]
[White "Gungl, Theo"]
[Black "Karpatchev, Aleksandr"]
[Result "1/2-1/2"]
[WhiteElo "2331"]
[BlackElo "2433"]
[PlyCount "68"]
[EventDate "2018.09.11"]
[EventType "tourn"]
[EventRounds "9"]
[EventCountry "GRE"]
[EventCategory "6"]
[SourceTitle "CBM 186 Extra"]
[Source "ChessBase"]
[SourceDate "2018.08.24"]
[SourceVersion "1"]
[SourceVersionDate "2018.08.24"]
[SourceQuality "1"]

1. e4 e5 2. Nf3 Nc6 3. Bb5 a6 4. Bxc6 dxc6 5. 0-0 Bg4 6. h3 h5 7. d3 Qf6 8. Nbd2 Ne7 9. Re1 Ng6 10. d4 Nf4 11. hxg4 hxg4 12. g3 gxf3 13. Qxf3 Ne6 14. dxe5 Qg6 15. Nb3 Rh5 16. Bf4 0-0-0 17. Rad1 Re8 18. Kf1 Nxf4 19. gxf4 Rh4 20. Nc1 Qh6 21. Nd3 f6 22. Ke2 fxe5 23. fxe5 Be7 24. Rh1 Rf8 25. Rxh4 Qxh4 26. Qg2 Qh5+ 27. f3 Kb8 28. Rh1 Qf7 29. Rh7 Qc4 30. Kd1 Rd8 31. Qxg7 Rxd3+ 32. cxd3 Qxd3+ 33. Kc1 Qe3+ 34. Kc2 Qe2+ 1/2-1/2

[Event "Anogia Capablanca Mem-A 5th"]
[Site "Anogia"]
[Date "2018.09.11"]
[Round "1"]
[White "Karpatchev, Aleksandr"]
[Black "Nitish, Belurkar"]
[Result "1-0"]
[WhiteElo "2433"]
[BlackElo "2316"]
[PlyCount "85"]
[EventDate "2018.09.11"]
[EventType "tourn"]
[EventRounds "9"]
[EventCountry "GRE"]
[EventCategory "6"]
[SourceTitle "CBM 186 Extra"]
[Source "ChessBase"]
[SourceDate "2018.08.24"]
[SourceVersion "1"]
[SourceVersionDate "2018.08.24"]
[SourceQuality "1"]

1. e4 e6 2. d4 d5 3. e5 c5 4. c3 Qb6 5. Nf3 Nc6 6. a3 c4 7. Nbd2 Na5 8. Be2 Bd7 9. Rb1 Qc7 10. 0-0 Ne7 11. Re1 Nc8 12. Nf1 Nb6 13. Bf4 Ba4 14. Qc1 0-0-0 15. h4 h6 16. h5 g5 17. Bg3 Be7 18. N3h2 Qc6 19. Ng4 Nd7 20. Nd2 Nb3 21. Nxb3 Bxb3 22. Bd1 Qa4 23. Bxb3 Qxb3 24. Qe3 Rde8 25. Nf6 Nxf6 26. exf6 Bd8 27. Qe5 Qb6 28. b3 cxb3 29. c4 Bc7 30. c5 Bxe5 31. cxb6 Bxg3 32. bxa7 Kc7 33. Rxb3 b6 34. Rxg3 Ra8 35. f4 Rxa7 36. fxg5 hxg5 37. Rxg5 Rxa3 38. Rg7 Rxh5 39. Rxf7+ Kc6 40. Re7 Kb5 41. f7 Ra8 42. Re8 Rh8 43. R1xe6 1-0